Evaluación económica de una conexión alterna por carretera entre la Meseta Central y la Vertiente Atlántica
Gespeichert in:
| 1. Verfasser: | |
|---|---|
| Format: | Buch |
| Veröffentlicht: |
[San José, Costa Rica]
2009
|
| Schlagworte: | |
| Tags: |
Tag hinzufügen
Keine Tags, Fügen Sie den ersten Tag hinzu!
|
MARC
| LEADER | 00000nam a2200000Ia 4500 | ||
|---|---|---|---|
| 003 | 001539 | ||
| 005 | 20221231144041.0 | ||
| 008 | 140114s2009 cr ab 000 ||s d | ||
| 040 | |c cru CEDI | ||
| 090 | |a TFG 6053 | ||
| 100 | |a Canet Alan, Roy |9 3342 | ||
| 245 | |a Evaluación económica de una conexión alterna por carretera entre la Meseta Central y la Vertiente Atlántica | ||
| 260 | |c 2009 |b [San José, Costa Rica] | ||
| 500 | |a Tesis (licenciatura en ingeniería civil)--Universidad de Costa Rica. Escuela de Ingeniería Civil | ||
| 650 | |x CONSTRUCCION DE CARRETERAS |x ANALISIS DE COSTOS |x VALLE CENTRAL (COSTA RICA) |x VERTIENTE DEL ATLANTICO (COSTA RICA) |9 3343 | ||
| 942 | |c TFG | ||
| 999 | |c 16167 |d 16167 | ||
